<?xml version="1.0" encoding="UTF-8"?>
<record
    xmlns:xsi="http://www.w3.org/2001/XMLSchema-instance"
    xsi:schemaLocation="http://www.loc.gov/MARC21/slim http://www.loc.gov/standards/marcxml/schema/MARC21slim.xsd"
    xmlns="http://www.loc.gov/MARC21/slim">

  <leader>00668nam a22002177a 4500</leader>
  <controlfield tag="005">20140822160729.0</controlfield>
  <datafield tag="010" ind1=" " ind2=" ">
    <subfield code="a">B-496961-969    ENG-110510</subfield>
  </datafield>
  <datafield tag="020" ind1=" " ind2=" ">
    <subfield code="a">9789381753439</subfield>
    <subfield code="c">99.00</subfield>
  </datafield>
  <datafield tag="035" ind1=" " ind2=" ">
    <subfield code="a">B-496961-969</subfield>
  </datafield>
  <datafield tag="035" ind1=" " ind2=" ">
    <subfield code="a">EN-94042</subfield>
  </datafield>
  <datafield tag="037" ind1=" " ind2=" ">
    <subfield code="b">UBH/Ven</subfield>
  </datafield>
  <datafield tag="037" ind1=" " ind2=" ">
    <subfield code="b">DBAD/PUB</subfield>
  </datafield>
  <datafield tag="082" ind1=" " ind2=" ">
    <subfield code="a">S</subfield>
  </datafield>
  <datafield tag="100" ind1=" " ind2=" ">
    <subfield code="a">Tolstoy, Leo</subfield>
  </datafield>
  <datafield tag="245" ind1=" " ind2=" ">
    <subfield code="a">Short stories /</subfield>
    <subfield code="c">by Leo Tolstoy</subfield>
  </datafield>
  <datafield tag="260" ind1=" " ind2=" ">
    <subfield code="a">New Delhi</subfield>
    <subfield code="b">Maanu Graphics</subfield>
    <subfield code="c">(201?)</subfield>
  </datafield>
  <datafield tag="270" ind1=" " ind2=" ">
    <subfield code="a">5FF, Ganpati Bhawan, 21 Ansari  Road Dary Ganj      </subfield>
    <subfield code="b">New Delhi</subfield>
    <subfield code="e">110002</subfield>
  </datafield>
  <datafield tag="300" ind1=" " ind2=" ">
    <subfield code="a">208p.</subfield>
    <subfield code="c">22cm(pbk)</subfield>
  </datafield>
  <datafield tag="942" ind1=" " ind2=" ">
    <subfield code="2">ddc</subfield>
    <subfield code="c">EN</subfield>
    <subfield code="m">TOL</subfield>
    <subfield code="h">S</subfield>
  </datafield>
  <datafield tag="999" ind1=" " ind2=" ">
    <subfield code="c">74720</subfield>
    <subfield code="d">74720</subfield>
  </datafield>
  <datafield tag="952" ind1=" " ind2=" ">
    <subfield code="0">0</subfield>
    <subfield code="1">0</subfield>
    <subfield code="4">0</subfield>
    <subfield code="7">0</subfield>
    <subfield code="8">FIC</subfield>
    <subfield code="a">L</subfield>
    <subfield code="b">L</subfield>
    <subfield code="d">2013-05-27</subfield>
    <subfield code="e">UBH/272/11.03.2013/180/08.03.2013/15.03.2013</subfield>
    <subfield code="g">99.00</subfield>
    <subfield code="l">9</subfield>
    <subfield code="m">1</subfield>
    <subfield code="o">S TOL</subfield>
    <subfield code="p">B-496961</subfield>
    <subfield code="q">2019-01-22</subfield>
    <subfield code="r">2019-01-08 00:00:00</subfield>
    <subfield code="s">2019-01-08</subfield>
    <subfield code="t">1</subfield>
    <subfield code="v">99.00</subfield>
    <subfield code="w">2013-05-27</subfield>
    <subfield code="y">EN</subfield>
  </datafield>
  <datafield tag="952" ind1=" " ind2=" ">
    <subfield code="0">0</subfield>
    <subfield code="1">5</subfield>
    <subfield code="4">0</subfield>
    <subfield code="7">0</subfield>
    <subfield code="8">FIC</subfield>
    <subfield code="a">BL1</subfield>
    <subfield code="b">BL1</subfield>
    <subfield code="d">2013-05-27</subfield>
    <subfield code="e">UBH/272/11.03.2013/180/08.03.2013/15.03.2013</subfield>
    <subfield code="g">99.00</subfield>
    <subfield code="l">0</subfield>
    <subfield code="o">S TOL</subfield>
    <subfield code="p">B-496962</subfield>
    <subfield code="r">2013-05-27 00:00:00</subfield>
    <subfield code="t">1</subfield>
    <subfield code="v">99.00</subfield>
    <subfield code="y">EN</subfield>
  </datafield>
  <datafield tag="952" ind1=" " ind2=" ">
    <subfield code="0">0</subfield>
    <subfield code="1">0</subfield>
    <subfield code="4">0</subfield>
    <subfield code="7">0</subfield>
    <subfield code="8">FIC</subfield>
    <subfield code="a">KGM</subfield>
    <subfield code="b">KGM</subfield>
    <subfield code="d">2013-05-27</subfield>
    <subfield code="e">UBH/272/11.03.2013/180/08.03.2013/15.03.2013</subfield>
    <subfield code="g">99.00</subfield>
    <subfield code="l">1</subfield>
    <subfield code="o">S TOL</subfield>
    <subfield code="p">B-496963</subfield>
    <subfield code="r">2018-11-17 00:00:00</subfield>
    <subfield code="s">2018-11-10</subfield>
    <subfield code="t">1</subfield>
    <subfield code="v">99.00</subfield>
    <subfield code="y">EN</subfield>
  </datafield>
  <datafield tag="952" ind1=" " ind2=" ">
    <subfield code="0">0</subfield>
    <subfield code="1">0</subfield>
    <subfield code="4">0</subfield>
    <subfield code="7">0</subfield>
    <subfield code="8">FIC</subfield>
    <subfield code="a">PR</subfield>
    <subfield code="b">PR</subfield>
    <subfield code="d">2013-05-27</subfield>
    <subfield code="e">UBH/272/11.03.2013/180/08.03.2013/15.03.2013</subfield>
    <subfield code="g">99.00</subfield>
    <subfield code="l">0</subfield>
    <subfield code="o">S TOL</subfield>
    <subfield code="p">B-496964</subfield>
    <subfield code="r">2013-05-27 00:00:00</subfield>
    <subfield code="t">1</subfield>
    <subfield code="v">99.00</subfield>
    <subfield code="y">EN</subfield>
  </datafield>
  <datafield tag="952" ind1=" " ind2=" ">
    <subfield code="0">0</subfield>
    <subfield code="1">0</subfield>
    <subfield code="4">0</subfield>
    <subfield code="7">0</subfield>
    <subfield code="8">FIC</subfield>
    <subfield code="a">TN</subfield>
    <subfield code="b">TN</subfield>
    <subfield code="d">2013-05-27</subfield>
    <subfield code="e">UBH/272/11.03.2013/180/08.03.2013/15.03.2013</subfield>
    <subfield code="g">99.00</subfield>
    <subfield code="l">4</subfield>
    <subfield code="m">2</subfield>
    <subfield code="o">S TOL</subfield>
    <subfield code="p">B-496965</subfield>
    <subfield code="r">2021-07-29 00:00:00</subfield>
    <subfield code="s">2021-06-14</subfield>
    <subfield code="t">1</subfield>
    <subfield code="v">99.00</subfield>
    <subfield code="y">EN</subfield>
  </datafield>
  <datafield tag="952" ind1=" " ind2=" ">
    <subfield code="0">0</subfield>
    <subfield code="1">0</subfield>
    <subfield code="4">0</subfield>
    <subfield code="7">0</subfield>
    <subfield code="8">FIC</subfield>
    <subfield code="a">JP</subfield>
    <subfield code="b">JP</subfield>
    <subfield code="d">2013-05-27</subfield>
    <subfield code="e">UBH/272/11.03.2013/180/08.03.2013/15.03.2013</subfield>
    <subfield code="g">99.00</subfield>
    <subfield code="l">30</subfield>
    <subfield code="m">5</subfield>
    <subfield code="o">S TOL</subfield>
    <subfield code="p">B-496966</subfield>
    <subfield code="r">2021-06-30 00:00:00</subfield>
    <subfield code="s">2021-06-23</subfield>
    <subfield code="t">1</subfield>
    <subfield code="v">99.00</subfield>
    <subfield code="y">EN</subfield>
  </datafield>
  <datafield tag="952" ind1=" " ind2=" ">
    <subfield code="0">0</subfield>
    <subfield code="1">0</subfield>
    <subfield code="4">0</subfield>
    <subfield code="7">0</subfield>
    <subfield code="8">FIC</subfield>
    <subfield code="a">BN</subfield>
    <subfield code="b">BN</subfield>
    <subfield code="d">2013-05-27</subfield>
    <subfield code="e">UBH/272/11.03.2013/180/08.03.2013/15.03.2013</subfield>
    <subfield code="g">99.00</subfield>
    <subfield code="l">1</subfield>
    <subfield code="o">S TOL</subfield>
    <subfield code="p">B-496967</subfield>
    <subfield code="r">2020-10-03 00:00:00</subfield>
    <subfield code="s">2020-09-19</subfield>
    <subfield code="t">1</subfield>
    <subfield code="v">99.00</subfield>
    <subfield code="y">EN</subfield>
  </datafield>
  <datafield tag="952" ind1=" " ind2=" ">
    <subfield code="0">0</subfield>
    <subfield code="1">0</subfield>
    <subfield code="4">0</subfield>
    <subfield code="7">0</subfield>
    <subfield code="8">FIC</subfield>
    <subfield code="a">NR</subfield>
    <subfield code="b">NR</subfield>
    <subfield code="d">2013-05-27</subfield>
    <subfield code="e">UBH/272/11.03.2013/180/08.03.2013/15.03.2013</subfield>
    <subfield code="g">99.00</subfield>
    <subfield code="l">0</subfield>
    <subfield code="o">S TOL</subfield>
    <subfield code="p">B-496968</subfield>
    <subfield code="r">2013-05-27 00:00:00</subfield>
    <subfield code="t">1</subfield>
    <subfield code="v">99.00</subfield>
    <subfield code="y">EN</subfield>
  </datafield>
  <datafield tag="952" ind1=" " ind2=" ">
    <subfield code="0">0</subfield>
    <subfield code="1">0</subfield>
    <subfield code="4">0</subfield>
    <subfield code="7">0</subfield>
    <subfield code="8">FIC</subfield>
    <subfield code="a">BL4</subfield>
    <subfield code="b">BL4</subfield>
    <subfield code="d">2013-05-27</subfield>
    <subfield code="e">UBH/272/11.03.2013/180/08.03.2013/15.03.2013</subfield>
    <subfield code="g">99.00</subfield>
    <subfield code="l">8</subfield>
    <subfield code="m">1</subfield>
    <subfield code="o">S TOL</subfield>
    <subfield code="p">B-496969</subfield>
    <subfield code="r">2022-06-23 00:00:00</subfield>
    <subfield code="s">2022-05-26</subfield>
    <subfield code="t">1</subfield>
    <subfield code="v">99.00</subfield>
    <subfield code="y">EN</subfield>
  </datafield>
  <datafield tag="952" ind1=" " ind2=" ">
    <subfield code="0">0</subfield>
    <subfield code="1">0</subfield>
    <subfield code="4">0</subfield>
    <subfield code="7">1</subfield>
    <subfield code="8">FIC</subfield>
    <subfield code="a">DBAD</subfield>
    <subfield code="b">DBAD</subfield>
    <subfield code="d">2014-07-16</subfield>
    <subfield code="e">DBAD/PUB</subfield>
    <subfield code="g">99.00</subfield>
    <subfield code="l">0</subfield>
    <subfield code="o">S TOL</subfield>
    <subfield code="p">EN-94042</subfield>
    <subfield code="r">2014-07-16 00:00:00</subfield>
    <subfield code="t">1</subfield>
    <subfield code="v">99.00</subfield>
    <subfield code="y">EN</subfield>
  </datafield>
</record>
